00484 2200193 4500001002100000005001500021008004100036020002200077035001900099041000700118082000800125090001400133100002200147245002100169250001700190260003300207300003400240650001600274INLIS00000000000394420241224112822241224||||||||| | ||| |||| || |  a978-979-756-335-6 0010-1224003944 aid0 a400 a400 PAN p0 aTagor Pangaribuan00aParadigma Bahasa aCet.1, Ed. 1 aYogyakartabGraha Ilmuc2008 ax, 226 hlm. : 1 jil. : 23 cm. 0aIlmu Bahasa